Համահայկական խորհրդակցություններ : (Record no. 540978)
[ view plain ]
| 000 -LEADER | |
|---|---|
| fixed length control field | 01517nam a2200277 a 4500 |
| 001 - CONTROL NUMBER | |
| control field | 305510 |
| 003 - CONTROL NUMBER IDENTIFIER | |
| control field | AM-YEHGA |
| 005 - DATE AND TIME OF LATEST TRANSACTION | |
| control field | 20260330144529.0 |
| 008 - FIXED-LENGTH DATA ELEMENTS--GENERAL INFORMATION | |
| fixed length control field | 040929s2004 ai ||||gr|||||000|||arm|d |
| 020 ## - INTERNATIONAL STANDARD BOOK NUMBER | |
| International Standard Book Number | 99941-910-1-2 |
| 040 ## - CATALOGING SOURCE | |
| Original cataloging agency | AM-YEHGA |
| 041 0# - LANGUAGE CODE | |
| Language code of text/sound track or separate title | arm |
| 245 00 - TITLE STATEMENT | |
| Title | Համահայկական խորհրդակցություններ : |
| Remainder of title | 1912-1920 թթ.: Փաստաթղթերի նյութերի ժող. / |
| Statement of responsibility, etc. | Կազմ.՝ Ա. Վիրաբյան, Գ. Ավագյան, Ռ. Գրիգորյան, Ա. Կիրիմյան ; Պատ. խմբ.՝ Ա. Վիրաբյան. |
| 260 ## - PUBLICATION, DISTRIBUTION, ETC. | |
| Place of publication, distribution, etc. | Երևան : |
| Name of publisher, distributor, etc. | Հայաստանի ազգային արխիվ, |
| Date of publication, distribution, etc. | 2004. |
| 300 ## - PHYSICAL DESCRIPTION | |
| Extent | 788 էջ ; |
| Dimensions | 21 սմ. |
| 500 ## - GENERAL NOTE | |
| General note | Տպագրվել է Վաչագան Պետրոսյանի հովանավոր: |
| 500 ## - GENERAL NOTE | |
| General note | Գրքի թվային տարբերակը ներբեռնվել է Հայաստանի ազգային արխիվի կայքից: |
| 504 ## - BIBLIOGRAPHY, ETC. NOTE | |
| Bibliography, etc. note | Տողատակում՝ մատենագիտական ծանոթագրություններ: |
| 650 14 - SUBJECT ADDED ENTRY--TOPICAL TERM | |
| Topical term or geographic name entry element | Հայոց պատմություն |
| Active dates | 1912-1920 |
| 700 1# - ADDED ENTRY--PERSONAL NAME | |
| Personal name | Ավագյան, Գոհար |
| Relator term | կազմ. |
| Relationship | com |
| 700 1# - ADDED ENTRY--PERSONAL NAME | |
| Personal name | Գրիգորյան, Ռոժենտ |
| Relator term | կազմ. |
| Relationship | com |
| 700 1# - ADDED ENTRY--PERSONAL NAME | |
| Personal name | Կիրիմյան, Ալբերտ |
| Relator term | կազմ. |
| Relationship | com |
| 700 1# - ADDED ENTRY--PERSONAL NAME | |
| Personal name | Վիրաբյան, Ամատունի Սասունիկի, |
| Dates associated with a name | 1956- |
| Relator term | կազմ., պատ. խմբ. |
| Relationship | com |
| -- | edt |
| 9 (RLIN) | 4019 |
| 856 41 - ELECTRONIC LOCATION AND ACCESS | |
| Uniform Resource Identifier | <a href="http://haygirk.nla.am/upload/1941-/hamahaykakan_khorhrdakcutyunner_2004.pdf">http://haygirk.nla.am/upload/1941-/hamahaykakan_khorhrdakcutyunner_2004.pdf</a> |
| Link text | Կարդալ առցանց |
| 942 ## - ADDED ENTRY ELEMENTS (KOHA) | |
| Source of classification or shelving scheme | Universal Decimal Classification |
| Koha item type | Գրքեր / Books |
| Withdrawn status | Lost status | Source of classification or shelving scheme | Damaged status | Not for loan | Collection | Home library | Current library | Date acquired | Total checkouts | Full call number | Barcode | Date last seen | Price effective from | Koha item type | Public note |
|---|---|---|---|---|---|---|---|---|---|---|---|---|---|---|---|
| Universal Decimal Classification | General | Fundamental Scientific Library | Fundamental Scientific Library | 19/12/2025 | AII/113970 | FL0701864 | 19/12/2025 | 19/12/2025 | Գրքեր / Books | 30 Days Loan |
ՀՀ Գիտությունների ազգային ակադեմիայի հիմնարար գիտական գրադարան = Fundamental Scientific Library of NAS RA
All site content, except where otherwise noted, is licensed under a